U.S. States South of California - Statistics

General Stats
  • This quiz has been taken 115 times
  • The average score is 8 of 10
Answer Stats
% State % Correct
100 Florida
97%
70 Texas
97%
46 Alabama
85%
17 Arizona
85%
14 New Mexico
80%
46 Mississippi
79%
100 Hawaii
77%
89 Louisiana
76%
50 Georgia
75%
4 South Carolina
35%
No matching quizzes found
Score Distribution
Percent of People with Each Score
Percentile by Number Answered
Your Score History
You have not taken this quiz